Statistics for Marshall Islands... or Solomon Islands?

Click here to take the quiz!

General Stats

  • This quiz has been taken 223 times
  • The average score is 9 of 16

Answer Stats

QuestionAnswer% Correct
Has a larger land areaSolomon Islands
85%
Majuro is its capitalMarshall Islands
82%
Is in the northern hemisphereMarshall Islands
80%
Has a larger populationSolomon Islands
79%
Is an associated state of the United StatesMarshall Islands
74%
Was site of the bloody WWII military campaign of GuadalcanalSolomon Islands
63%
Borders the Coral SeaSolomon Islands
56%
Is part of the Oceanian sub-region of MicronesiaMarshall Islands
52%
Elizabeth II is the monarchSolomon Islands
50%
Has a low level of ethnic diversityBoth
43%
Uses Dollar as its currencyBoth
42%
Maintains formal diplomatic relations with TaiwanMarshall Islands
41%
Has a flag consisting of a strip radiating from the lower hoist-side corner to the upper fly-side cornerBoth
36%
Consists of more than 900 islandsSolomon Islands
35%
Ships and boats represents the largest sector of its export economyMarshall Islands
27%
The German Empire used to control some parts of or whole of itBoth
26%

Score Distribution

Percentile by Number Answered

Percent of People with Each Score

Your Score History

You have not taken this quiz